Portable scintillation counters for geologic use, (Record no. 28961)
[ view plain ]
| 000 -LEADER | |
|---|---|
| fixed length control field | 00739cam a22002411 4500 |
| 001 - CONTROL NUMBER | |
| control field | gs 55000211 |
| 003 - CONTROL NUMBER IDENTIFIER | |
| control field | DLC |
| 005 - DATE AND TIME OF LATEST TRANSACTION | |
| control field | 20260227111403.0 |
| 008 - FIXED-LENGTH DATA ELEMENTS--GENERAL INFORMATION | |
| fixed length control field | 811211s1954 dcua f000 0 eng c |
| 010 ## - LIBRARY OF CONGRESS CONTROL NUMBER | |
| LC control number | gs 55000211 |
| 035 ## - SYSTEM CONTROL NUMBER | |
| System control number | (OCoLC)7988096 |
| 040 ## - CATALOGING SOURCE | |
| Original cataloging agency | US Geol. Survey. Lib. |
| Transcribing agency | OkAdE |
| Modifying agency | DLC |
| 042 ## - AUTHENTICATION CODE | |
| Authentication code | premarc |
| 050 00 - LIBRARY OF CONGRESS CALL NUMBER | |
| Classification number | QE75 |
| Item number | .C5 no. 353 |
| 100 1# - MAIN ENTRY--PERSONAL NAME | |
| Personal name | Wilson, Ernest Elmer, |
| Dates associated with a name | 1924- |
| 245 10 - TITLE STATEMENT | |
| Title | Portable scintillation counters for geologic use, |
| Statement of responsibility, etc. | by E. E. Wilson [and others] |
| 260 ## - PUBLICATION, DISTRIBUTION, ETC. | |
| Place of publication, distribution, etc. | Washington, |
| Date of publication, distribution, etc. | 1954. |
| 300 ## - PHYSICAL DESCRIPTION | |
| Extent | ii, 10 p. |
| Other physical details | illus. |
| Dimensions | 27 cm. |
| 410 20 - SERIES STATEMENT/ADDED ENTRY--CORPORATE NAME [OBSOLETE, CAN/MARC], [LOCAL, USA] | |
| Corporate name or jurisdiction name as entry element | Geological Survey (U.S.). |
| Title of a work | Circular |
| Volume number/sequential designation | 353 |
| 504 ## - BIBLIOGRAPHY, ETC. NOTE | |
| Bibliography, etc. note | "Literature cited": p. 10. |
| 650 #0 - SUBJECT ADDED ENTRY--TOPICAL TERM | |
| Topical term or geographic name entry element | Scintillation counters. |
| 650 #0 - SUBJECT ADDED ENTRY--TOPICAL TERM | |
| Topical term or geographic name entry element | Geology |
| General subdivision | Research. |
No items available.